Statystyki dla Poprzednie waluty państw Strefy Euro

Kliknij tutaj aby rozwiązać quiz!

Ogólne statystyki

  • Ten quiz został rozwiązany 31 razy
  • Średni wynik to 20 z 27

Statystyki odpowiedzi

KrajData
Wprowadzenia
Euro
Waluta% Poprawnych
Finlandia01.01.1999Marka Fińska
93%
Kosowo01.01.1999Marka Niemiecka
93%
Czarnogóra01.01.1999Marka Niemiecka
93%
Niemcy01.01.1999Marka Niemiecka
93%
Estonia01.01.2011Korona Estońska
90%
Słowacja01.01.2009Korona Słowacka
90%
Malta01.01.2008Lira Maltańska
86%
San Marino01.01.1999Lir Sanmaryński
86%
Watykan01.01.1999Lir Watykański
86%
Włochy01.01.1999Lir Włoski
86%
Belgia01.01.1999Frank Belgijski
79%
Francja01.01.1999Frank Francuski
79%
Andora01.04.2012Frank Francuski
79%
Luksemburg01.01.1999Frank Luksemburski
79%
Monako01.01.1999Frank Monakijski
79%
Cypr01.01.2008Funt Cypryjski
79%
Irlandia01.01.1999Funt Irlandzki
79%
Chorwacja01.01.2023Kuna Chorwacka
72%
Grecja01.01.1999Drachma Grecka
66%
Łotwa01.01.2014Łat Łotewski
66%
Andora01.04.2012Peseta Hiszpańska
66%
Litwa01.01.2015Lit Litewski
62%
Holandia01.01.1999Gulden Holenderski
59%
Portugalia01.01.1999Escudo Portugalskie
55%
Hiszpania01.01.1999Peseta Hiszpańska
55%
Austria01.01.1999Szyling Austriacki
55%
Słowenia01.01.2007Tolar Słoweński
34%

Rozkład punktacji

Percentyl według liczby udzielonych odpowiedzi

Procent ludzi z każdym wynikiem

Twoja historia wyników

Nie rozwiązałeś tego quizu